MDQL
is popping MORE tags! Check the
thread
!
Quizzes
Events
Quiz Creation
Community
Videos
Private Events
Remove Ads
Sign In
Join for FREE
Feedback
Dark Mode
Quiz Categories
Sports
Geography
Music
Movies
Television
Just For Fun
Miscellaneous
History
Literature
Language
Science
Gaming
Entertainment
Religion
Holiday
For Kids
Quiz Lab
Recent
Popular Today
Quiz Kudos Today
Editor Picks
Curator Picks
Quizzes by...
Day
Popularity
Type
Ratings
Length
Year
Community
Subscriptions
Recent Discussions
Orange Saloon
Badges
Playlists
Quests
Create
Leaderboards
Showdown
Live 5
Trivia Bingo
Activity
Puzzle Library
Sporcle Events
Private Events
Virtual Trivia
Globe League
Become a Host
Pub Owners
SporcleCon
Opinionation
Our Games
Videos
Blog
Mobile Apps
Partnerships
Remove Ads and Go Orange
Feedback
Sports
Athletes
MLB
NBA
NHL
NFL
Soccer
Sports Teams
WWE
NCAA
Football
Premier League
Basketball
Baseball
Hockey
Golf
Tennis
Cricket
Rugby
Auto Racing
Olympics
World Cup
Sports
Athletes
MLB
NBA
NHL
NFL
Soccer
Sports Teams
WWE
NCAA
Football
Premier League
Basketball
Baseball
Hockey
Golf
Tennis
Cricket
Rugby
Auto Racing
Olympics
World Cup
Random Quiz
Search Sporcle
×
Quiz Lab
Quiz Lab
Sports
Hockey
Type in answers that appear in a list
Type in answers that appear in a list
Classic
Best Score? Go Orange.
NHL Retired Sweaters Stats
Can you name the NHL Retired Sweaters?
By
drhaase
20m
128 Questions
3,399 Plays
3,399 Plays
3,399 Plays
Comments
Comments
Give Quiz Kudos
Give Quiz Kudos
-
- Ratings
hide this ad
Replay
Link that replays current quiz
Next Quiz
Link to next quiz in quiz playlist
You Got
0%
They Got
Avg Score
49%
Avg Friend Score
Upgrade to see
Score Distribution
Jump to the score distribution portion of the page
Score
0/128
Timer
20:00
0
Plays Today
Number
Player
% Correct
Edmonton Oilers
Wayne Gretzky
98%
Los Angeles Kings
Wayne Gretzky
98%
National Hockey League
Wayne Gretzky
98%
Pittsburgh Penguins
Mario Lemieux
88.1%
Anaheim Ducks
Teemu Selänne
87.3%
Chicago Blackhawks
Bobby Hull
85.7%
Arizona Coyotes
Bobby Hull
85.7%
Edmonton Oilers
Mark Messier
85.7%
New York Rangers
Mark Messier
85.7%
St. Louis Blues
Brett Hull
85.7%
Detroit Red Wings
Gordie Howe
85.2%
Colorado Avalanche
Patrick Roy
84.4%
Montreal Canadiens
Patrick Roy
84.4%
Colorado Avalanche
Joe Sakic
82.4%
Boston Bruins
Ray Bourque
82.1%
Colorado Avalanche
Ray Bourque
82.1%
Philadelphia Flyers
Mark Howe
82.1%
Boston Bruins
Bobby Orr
81.6%
Dallas Stars
Mike Modano
80.4%
New Jersey Devils
Martin Brodeur
79.2%
Detroit Red Wings
Steve Yzerman
79.2%
Boston Bruins
Phil Esposito
78.1%
Chicago Blackhawks
Tony Esposito
77.9%
Montreal Canadiens
Maurice Richard
77.2%
Montreal Canadiens
Henri Richard
76.9%
New York Islanders
Mike Bossy
75.8%
Edmonton Oilers
Jari Kurri
75.4%
Vancouver Canucks
Pavel Bure
74.4%
Carolina Hurricanes
Ron Francis
73.6%
New Jersey Devils
Scott Stevens
73.2%
Colorado Avalanche
Peter Forsberg
73%
Philadelphia Flyers
Bobby Clarke
72.7%
New York Islanders
Bryan Trottier
71.2%
Montreal Canadiens
Guy Lafleur
71%
Edmonton Oilers
Grant Fuhr
69.9%
Buffalo Sabres
Dominik Hasek
69.1%
Chicago Blackhawks
Stan Mikita
68.5%
New York Islanders
Billy Smith
67.5%
Edmonton Oilers
Paul Coffey
67.5%
Los Angeles Kings
Luc Robitaille
67%
Los Angeles Kings
Marcel Dionne
66%
New York Rangers
Mike Richter
65.5%
New York Islanders
Denis Potvin
65.2%
Number
Player
% Correct
New York Rangers
Brian Leetch
64.4%
Vancouver Canucks
Trevor Linden
63.6%
Montreal Canadiens
Jean Beliveau
63.1%
New Jersey Devils
Scott Niedermayer
62.9%
Montreal Canadiens
Jacques Plante
62%
Los Angeles Kings
Rob Blake
61.9%
Detroit Red Wings
Terry Sawchuk
60.9%
Colorado Avalanche
Adam Foote
60.7%
Carolina Hurricanes
Rod Brind'Amour
60.3%
Edmonton Oilers
Glenn Anderson
60%
Vancouver Canucks
Markus Naslund
59.8%
Chicago Blackhawks
Denis Savard
58.8%
Montreal Canadiens
Serge Savard
58.8%
Buffalo Sabres
Pat LaFontaine
58.1%
Montreal Canadiens
Ken Dryden
58.1%
Arizona Coyotes
Jeremy Roenick
57.5%
Buffalo Sabres
Gilbert Perreault
57.5%
Montreal Canadiens
Larry Robinson
56.7%
St. Louis Blues
Al MacInnis
56.7%
Calgary Flames
Lanny McDonald
56.3%
Arizona Coyotes
Dale Hawerchuk
55.5%
Calgary Flames
Mike Vernon
55.2%
Philadelphia Flyers
Bernie Parent
53.4%
Boston Bruins
Cam Neely
51.6%
Detroit Red Wings
Ted Lindsay
51.5%
Arizona Coyotes
Keith Tkachuk
51.3%
Boston Bruins
Johnny Bucyk
50.5%
Detroit Red Wings
Alex Delvecchio
49.1%
New Jersey Devils
Ken Daneyko
47.9%
New York Rangers
Adam Graves
47.8%
Washington Capitals
Mike Gartner
47.5%
Chicago Blackhawks
Glenn Hall
46.9%
New York Rangers
Rod Gilbert
45.2%
St. Louis Blues
Bernie Federko
44.6%
Montreal Canadiens
Bernie Geoffrion
44.3%
Montreal Canadiens
Doug Harvey
42.8%
Philadelphia Flyers
Bill Barber
41%
Montreal Canadiens
Bob Gainey
40.4%
New York Islanders
Clark Gillies
40.2%
Montreal Canadiens
Yvan Cournoyer
40.2%
Detroit Red Wings
Nicklas Lidstrom
40%
Minnesota Wild
Minnesota Wild Fans
39.9%
Buffalo Sabres
Rick Martin
39.8%
Number
Player
% Correct
Washington Capitals
Dale Hunter
39.6%
Los Angeles Kings
Dave Taylor
39.5%
Montreal Canadiens
Howie Morenz
39.4%
Boston Bruins
Eddie Shore
38.7%
Washington Capitals
Rod Langway
38.5%
Carolina Hurricanes
Glen Wesley
36.9%
Buffalo Sabres
Rene Robert
36.6%
Dallas Stars
Neal Broten
35.9%
Los Angeles Kings
Rogie Vachon
35.9%
Detroit Red Wings
Sid Abel
35.7%
Vancouver Canucks
Stan Smyl
35.6%
Buffalo Sabres
Tim Horton
34.9%
New York Rangers
Andy Bathgate
34.1%
New York Islanders
Bob Nystrom
33.9%
Montreal Canadiens
Guy Lapointe
33.6%
Montreal Canadiens
Dickie Moore
31.7%
New York Rangers
Eddie Giacomin
31.4%
Chicago Blackhawks
Pierre Pilote
31%
Arizona Coyotes
Thomas Steen
30.5%
St. Louis Blues
Brian Sutter
29.6%
Boston Bruins
Milt Schmidt
26.3%
Boston Bruins
Terry O'Reilly
25.9%
Arizona Coyotes
Teppo Numminen
24.8%
Buffalo Sabres
Danny Gare
24%
Montreal Canadiens
Elmer Lach
23.1%
Toronto Maple Leafs
Ace Bailey
23%
Toronto Maple Leafs
Bill Barilko
21.8%
New York Rangers
Harry Howell
19.9%
Pittsburgh Penguins
Michel Briere
19.7%
Boston Bruins
Dit Clapper
17.5%
St. Louis Blues
Barclay Plager
16.5%
Montreal Canadiens
Emile Bouchard
16.3%
Dallas Stars
Bill Masterton
16.1%
Dallas Stars
Bill Goldsworthy
15.9%
Chicago Blackhawks
Keith Magnuson
14.5%
Edmonton Oilers
Al Hamilton
14%
Philadelphia Flyers
Barry Ashbee
11.2%
Washington Capitals
Yvon Labre
10.3%
Florida Panthers
Bill Torrey
10%
Ottawa Senators
Frank Finnigan
9.7%
St. Louis Blues
Bob Gassoff
7.5%
Boston Bruins
Lionel Hitchman
7.3%
Quiz Playlist
Details
Report
Send in Message
Add To Playlist
Classic:
Type in answers that appear in a list
Quiz Source
Last Updated: Feb 16, 2017
Quiz Scoreboard
CHALLENGE
Sign Up to Join the Scoreboard
Show All
Scores
Hide
Comments
May contain spoilers
Recently Published
Find the 'City' Movie
by crazypaving
Movies
60s
5x2 Blitz: Bands
by SL_Kpop136
Music
30s
Colored Red Africa Blitz
by spor1
Geography
30s
More to Explore
Quiz From the Vault
Featured Blog Post
14 Easter Pick-up Lines to Find Eggs With
hide this ad
You Might Also Like...
Tags
Hockey Quiz
NHL Quiz
Numbers Quiz
Player
Retired
Retired Numbers
Sweater
Today's Top Quizzes in Sports
Browse Sports
hide this ad
Today's Top Quizzes in Hockey
Browse Hockey
Top Contributed Quizzes in Sports
1
Players with Multiple 50 Home Run Seasons
2
Who Needs Fielders?
3
Criteria MLB: Left Handed Sluggers
4
MLB Players with Two .350 Batting Average Seasons
5
Who Hit More Homers?
6
2020 F1 Drivers Logic Puzzle
7
NBA Teammate Connections
8
Premier League Clubs since 2000 (minefield)
9
MLB Teams by First Game
10
Top 10 NHL Goal Scorers of All Time
Explore More
Trending Topics
Anime
NBA
Crossword
Harry Potter
Kpop
Marvel
Disney
The Office
Soccer
NFL
Country
Puzzle
Song
Pokémon
WWE
hide this ad
More By:
drhaase
Quiz
Plays
Rating
Category
Featured
Created
Heisman Trophy Winners
3,798
3.56
Sports
Oct 30, 2009
NHL Retired Sweaters
3,399
4.14
Sports
Oct 30, 2009
MLB Ballpark Chronology
617
3.08
Sports
Oct 31, 2009
NFL Champions (Pre NFL-AFL Merger)
497
5.00
Sports
Oct 30, 2009
Davey O'Brien Award Winners
411
5.00
Sports
Oct 31, 2009
Go to Creator's Profile
Score Distribution
Quiz Creator Spotlight
drhaase
Follow
Send a Message
Quizzes Created
-
Created Quiz Play Count
-
More By This Creator
Popular Quizzes Today
1
Find the 'City' Movie
2
5x2 Blitz: Bands
3
Colored Red Africa Blitz
4
Find the US States - No Outlines Minefield
5
The Countries of the World
6
Find the US States
7
9x9 Crossword: Cartoon Network
8
US States
More Sports Quizzes
Renault F1 Drivers (Minefield)
Quiz Lab
Trending Quizzes
Colored Red Africa Blitz II
Colored Red Europe Blitz I
Colored Red Africa Blitz III
Colored Red Europe Blitz II
Colored Red Europe Blitz III
Recently Updated
Champions League XIs: Real Madrid
pecheneg
Largest US Cities 1790-2010
pecheneg
Rides in Walt Disney World
pecheneg
Most Oscar Losses (Acting)
pecheneg
Beyoncé Albums
pecheneg
Leaping Animals
pecheneg
Reality TV Shows (A-Z)
bhenderson79
Rickey Henderson's Hall of Fame Teammates
pecheneg
Champions League XIs: Arsenal
pecheneg
Quick Pick: Celebrities in WWE's Hall of Fame
aduchscher
Trending Topics
Anime
Kpop
NBA
Crossword
Harry Potter
Marvel
Disney
NFL
Country
Soccer
WWE
Pokémon
The Office
Puzzle
Song
Your Account Isn't Verified!
In order to create a playlist on Sporcle, you need to verify the email address you used during registration. Go to your
Sporcle Settings
to finish the process.
Report this User
Report this user for behavior that violates our
Community Guidelines
.
Details:
Send Report
Go to the Sporcle.com Mobile Site →
Comments